Most Popular US Presidents - Whammies - Statistics

General Stats
  • This quiz has been taken 27 times
  • The average score is 4 of 8
Answer Stats
Average / Max Answer % Correct
70% / 82% John F Kennedy
68%
63% / 83% Franklin D Roosevelt
55%
55% / 73% Bill Clinton
50%
61% / 89% George H W Bush
41%
49% / 90% George W Bush
41%
55% / 79% Lyndon B Johnson
36%
65% / 79% Dwight D Eisenhower
32%
45% / 87% Harry Truman
32%
No matching quizzes found
Score Distribution
Percent of People with Each Score
Percentile by Number Answered
Your Score History
You have not taken this quiz